00514nam a2200121 a 4500008004100000050002600041110006000067245014900127260004100276300002000317500002900337650002600366150508s1992 ||||||||||||||||| || u aGOV.ZAM(05)PD/1992/91 aGovernment of the Republic of Zambia. National Assembly10aOfficial verbatim report of the parliamentary debates of the first session (resumed) of the seventh National AssemblycBy the Natiional Assembly aLusaka:bThe National Assemblyc1992 avarious pagings a16th June- 9th July 1992 aPARLIAMENTARY DEBATES